| 000 | 01258nam a2200241Ia 4500 | ||
|---|---|---|---|
| 999 |
_c4665 _d4665 |
||
| 003 | OSt | ||
| 005 | 20200429182826.0 | ||
| 008 | 191128s2011 ck a gr 000 0 spa d | ||
| 040 |
_aCO-JMCR _cCO-JMCR |
||
| 041 | 1 | _aspa | |
| 082 | 0 | 4 |
_a305.4 / _bP727v |
| 110 | 1 |
_aColombia. Presidencia de la República _92972 |
|
| 245 | 1 | 0 |
_aVII y VIII combinado de Colombia al comité de las Naciones Unidas para la eliminación de la discriminación contra la mujer / _cColombia. Presidencia de la República |
| 260 |
_aBogotá : _bPresidencia de la República, _c2011 |
||
| 300 |
_a354 páginas : _bilustraciones a color ; _c28 cm. |
||
| 300 | _b | ||
| 300 | _c 28 cm | ||
| 505 | _aDefinición de discriminación -- Igualdad entre hombres y mujeres y no discriminación -- Desarrollo y adelanto de la mujer -- Medidas encaminadas a acelerar la igualdad entre hombres y mujeres -- Eliminación de patrones culturales que discriminan | ||
| 520 | _aLa convención para la eliminación de todas las formas de discriminación contra la mujer (aprobada en 1979) fue ratificada por el Estado colombiano el 19 de enero de 1982 y el protocolo facultativo. | ||
| 650 | 1 | 4 |
_aViolencia contra la mujer _9627 |
| 650 | 2 | 4 |
_aMujeres Desarrollo social _93735 |
| 942 |
_2ddc _cBK |
||